| 000 | 00904nam a22002297a 4500 | ||
|---|---|---|---|
| 999 |
_c63781 _d63781 |
||
| 005 | 20240530110658.0 | ||
| 008 | 171223s2014 ua ao g b 000 0 ara d | ||
| 017 | _bمصر. دار الكتب | ||
| 020 | _a9789753156431 | ||
| 040 |
_aEG-CaGPL _cEG-CaGPL |
||
| 082 | 0 | 4 |
_221 _a305.4\ _bس م |
| 100 | 1 | _aسنجر ، اصلى | |
| 245 | 1 | 2 |
_aالمرأة العثمانية بين الحقائق والاكاذيب / _bتأليف اصلى سنجر ؛ ترجمة سمير عباس السيد زهران . |
| 250 | _aط.1 | ||
| 260 |
_aالقاهرة : _bدار النيل ، _c2014 . |
||
| 300 |
_a191 ص. : _bصور لو ؛ _c24 سم. |
||
| 650 | 0 | 7 |
_2qrmak _aالامبراطورية العثمانية |
| 650 | 0 | 7 |
_2qrmak _aالمرأة العثمانية |
| 700 | 0 |
_aسمير عباس السيد زهران _eمترجم . |
|
| 942 |
_2ddc _cBK |
||